Metal Bands nach Albumtitel - Statistiken

Allgemein
  • Dieses Quiz wurde 415 mal gespielt
  • Das Durchschnittsergebnis liegt bei 7 aus 21
Antwortstatistiken
Albumtitel Antwort % Korrekt
Fear of the Dark Iron Maiden
90%
Primo Victoria Sabaton
63%
Fighting the World Manowar
50%
Phantom Antichrist Kreator
40%
Butchered at birth Cannibal Corpse
38%
Persecution Mania Sodom
35%
No Grave but the Sea Alestorm
30%
Tales from the thousand Lakes Amorphis
29%
In the Nightside Eclipse Emperor
28%
Battles in the North Immortal
28%
Enthrone Darkness Triumphant Dimmu Borgir
27%
Storm of the Light's Bane Dissection
25%
Nemesis Divina Satyricon
25%
Time of the Oath Helloween
23%
Heaven shall burn... when we are gathered Marduk
23%
Space 1992: Rise of the Chaos Wizards Gloryhammer
20%
Bringer of Pain Battle Beast
18%
King Fleshgod Apocalypse
16%
Dance and laugh amonst the Rotten Carach Angren
14%
Hegemony Samael
14%
Codex Omega Septicflesh
14%
Keine übereinstimmenden Quizze gefunden
Verteilung der Resultate
Anzahl Personen mit jedem Resultat
Perzentil nach korrekt beantworteten Fragen
Ihre Resultats-Entwicklung
Sie haben dieses Quiz noch nicht gespielt